00505nam a2200145Ia 4500008004100000020001800041082002400059110003600083245004900119250000600168260003900174300001700213500007200230650005700302120622s9999 xx 000 0 und d a970-676-236-1 a332.673 M611li 2002 aMéxico. Leyes, decretos, etc. aLey inversión extranjera ; reglamento 2002 a7 aMéxico : Ediciones Fiscales ISEF apag. varía aContiene las disposiciones publicadas hasta la fecha de impresión a1. INVERSIONES EXTRANJERAS - MEXICO - LEGISLACIONÌ